000 00470nam a2200169 i 4500
001 49275
003 ES-MaACL
005 20230906161922.0
007 t|
008 030711s1964 sp ||||1| cat d
100 1 _aCortés, Gabriel.
_940850
245 1 4 _aEls comparses
_b: comedia /
_cGabriel Cortés.
260 _aPalma de Mallorca :
_bMoll,
_c[1964]
300 _a97 p. ;
_c15 cm.
500 _aPremi "Ciutat de Palma 1963"
852 _aES-MaACL
_jC-30674
_bR.55713
999 _c49275
_d49275